Statystyki dla 15 krajów o największej liczbie zgonów Covid19 - 18 września

Kliknij tutaj aby rozwiązać quiz!

Ogólne statystyki

  • Ten quiz został rozwiązany 16 razy
  • Średni wynik to 11 z 20

Statystyki odpowiedzi

kraj% Poprawnych
Włochy
93%
Rosja
86%
Francja
79%
Stany Zjednoczone
79%
Wielka Brytania
79%
Brazylia
71%
Hiszpania
71%
Meksyk
64%
Argentyna
57%
Indie
50%
Szwecja
50%
Chile
43%
Kolumbia
43%
Belgia
36%
Peru
36%
Boliwia
29%
Ekwador
29%
Iran
29%
Panama
29%
Republika
Południowej Afryki
29%

Rozkład punktacji

Percentyl według liczby udzielonych odpowiedzi

Procent ludzi z każdym wynikiem

Twoja historia wyników

Nie rozwiązałeś tego quizu